000 00669nam a2200277Ia 4500
005 20260324130052.0
008 008 260324s9999 xx 000 0 eng d
020 _a9781315508771
037 _aEBOOK
040 _aCRL
040 _beng
040 _cCRL
041 _2eng
041 _aeng
084 _qCRL
100 _aGarrett Thomson; Daniel Kolak
_91180391
245 4 _aThe Longman Standard History of Medieval Philosophy
260 _bTaylor and Francis
260 _c2008
365 _a
365 _b300
856 _uhttp://www.taylorfrancis.com/books/9781315508771
942 _cEBOOK
999 _c1776217
_d1776217